MARC

LEADER 00000nas a2200000 a 4500
001 ssj0012692
003 WaSeSS
005 20200512172242.0
006 m d
007 cr n
008 751101d19701997xnamn p s 0 a0eng c
010 |a  79026109  
016 7 |a 0264472  |2 DNLM 
016 7 |a S15500000  |2 DNLM 
022 |l 0004-9549  |y 0004-9549 
030 |a SRCHAA 
035 |a (WaSeSS)ssj0012692 
040 |a MUL  |b eng  |c MUL  |d COO  |d IUL  |d YUS  |d NYG  |d HUL  |d OCL  |d SER  |d RCS  |d AIP  |d NSD  |d DLC  |d NST  |d CAS  |d HUL  |d NST  |d WAU  |d HUL  |d OCLCQ  |d NLM  |d OCLCQ  |d SINLB  |d OCLCQ  |d IUL  |d OCLCF  |d OCLCO  |d OCLCQ  |d OCLCO  |d CUS  |d OCLCA  |d FUG  |d WaSeSS 
042 |a nsdp  |a pcc 
043 |a u-at---  |a u-nz--- 
050 0 0 |a Q1  |b .A772 
060 0 0 |a W1  |b SE162 
082 0 4 |a 505  |2 18 
130 0 |a Search (Sydney, N.S.W.) 
210 0 |a Search  |b (Sydney) 
222 0 |a Search  |b (Sydney) 
245 1 0 |a Search  |h [electronic resource]. 
260 |a [Sydney] :  |b Australian & New Zealand Association for the Advancement of Science, ANZAAS,  |c -©1997. 
310 |a Monthly (except Jan. and Dec.),  |b -1997 
321 |a Monthly,  |b <1975-> 
321 |a Bimonthly,  |b 1986- 
362 1 |a Began with: Vol. 1, no. 1 (July 1970). 
362 0 |a -v. 28, no. 10 (Nov./Dec. 1997). 
500 |a "Science, technology and society." 
500 |a Published -1997: Doncaster MDC, Vic. : Control Publications. 
506 |a License restrictions may limit access. 
515 |a Vol. 17, 1986, published in 6 double issues comprising 12 no. 
550 |a The Journal of the Australian and New Zealand Association for the Advancement of Science. 
588 |a Description based on: Vol. 6, no. 9 (Sept. 1975); title from cover. 
650 0 |a Science  |v Periodicals. 
650 0 |a Technology  |v Periodicals. 
650 0 |a Science  |v Abstracts  |v Periodicals. 
650 0 |a Science  |z Australia  |v Periodicals. 
650 0 |a Science  |z New Zealand  |v Periodicals. 
650 0 |a Technology  |z Australia  |v Periodicals. 
650 0 |a Technology  |z New Zealand  |v Periodicals. 
650 7 |a Science.  |2 fast  |0 (OCoLC)fst01108176 
650 7 |a Technology.  |2 fast  |0 (OCoLC)fst01145078 
650 2 |a Science.  |0 https://id.nlm.nih.gov/mesh/D012586 
651 7 |a Australia.  |2 fast  |0 (OCoLC)fst01204543 
651 7 |a New Zealand.  |2 fast  |0 (OCoLC)fst01204542 
655 0 |a Electronic journals. 
710 2 |a ANZAAS (Association) 
776 0 8 |i Microfilm version:  |t Search (Sydney, N.S.W. : Microfilm, UM)  |w (OCoLC)12368875 
780 0 0 |t Australian journal of science  |x 0365-3668  |w (DLC) 47038833  |w (OCoLC)1518828 
785 0 4 |t Australasian science  |x 1322-2384  |w (DLC)sn 98047240  |w (OCoLC)38997988 
850 |a CU-RivP  |a CaOOG  |a DLC  |a ICRL  |a ICarbS  |a MH-CS 
856 4 0 |z Full text available from Research Library: 10/01/1997 to 11/30/1997  |u https://search.proquest.com/publication/47645